[Event "BL 9394 Dortmund-Erfurt"]
[Site "?"]
[Date "1994.??.??"]
[Round "?.7"]
[White "Brueggemann, Joa"]
[Black "Straeter, T."]
[Result "0-1"]
[WhiteElo "2340"]
[BlackElo "2365"]
[PlyCount "52"]
[EventDate "1994.??.??"]

1. e4 e5 2. Nf3 Nc6 3. d4 exd4 4. Nxd4 d6 5. Nc3 Nf6 6. Be2 Be7 7. Be3 O-O 8.
Qd2 d5 9. Nxc6 bxc6 10. e5 Ng4 11. Bxg4 Bxg4 12. O-O f6 13. Bd4 c5 14. exf6
gxf6 15. Rae1 cxd4 16. Qxd4 Bf5 17. Nxd5 Bd6 18. f4 Kh8 19. Ne3 Bg6 20. Rd1 Qe7
21. f5 Bc5 22. Qh4 Bxe3+ 23. Kh1 Bf7 24. Rf3 Bg5 25. Qf2 Rad8 26. Re1 Rfe8 0-1

[Event "BL 9394 Dortmund-Erfurt"]
[Site "?"]
[Date "1994.??.??"]
[Round "?.8"]
[White "Theissen, H."]
[Black "Voekler, B."]
[Result "0-1"]
[WhiteElo "2300"]
[BlackElo "2350"]
[PlyCount "80"]
[EventDate "1994.??.??"]

1. e4 c5 2. Nf3 d6 3. d4 cxd4 4. Nxd4 Nf6 5. Nc3 a6 6. Be3 e5 7. Nb3 Be7 8. Be2
O-O 9. O-O Nbd7 10. a4 b6 11. Bf3 Bb7 12. Qe2 Qc7 13. g4 h6 14. Nd2 Rfd8 15.
Rfd1 Nc5 16. Qc4 Rac8 17. Nf1 Qb8 18. Qe2 Nfxe4 19. Nxe4 Nxe4 20. Bxh6 Qa8 21.
Bxe4 Bxe4 22. Ng3 Bg6 23. Nf5 Bxf5 24. gxf5 gxh6 25. Ra3 Kh7 26. Qh5 Rg8+ 27.
Rg3 Rxg3+ 28. hxg3 Kg7 29. Qg4+ Bg5 30. Rxd6 Rxc2 31. f3 Qc8 32. f6+ Kg8 33.
Qxc8+ Rxc8 34. Kg2 Rc2+ 35. Kh3 Rxb2 36. Kg4 Rb3 37. a5 bxa5 38. Rxa6 Kh7 39.
f4 exf4 40. gxf4 Rb4 0-1

[Event "BL 9394 Solingen-Dresden"]
[Site "?"]
[Date "1994.??.??"]
[Round "?.2"]
[White "Norwood, D."]
[Black "Uhlmann, W."]
[Result "1/2-1/2"]
[WhiteElo "2525"]
[BlackElo "2475"]
[PlyCount "84"]
[EventDate "1994.??.??"]

1. g3 Nf6 2. Bg2 d5 3. d3 g6 4. f4 Bg7 5. Nf3 Nc6 6. O-O O-O 7. c3 d4 8. Qa4
Nd7 9. Nxd4 Nxd4 10. cxd4 Nb6 11. Qc2 Qxd4+ 12. Kh1 Nd5 13. Qd2 Rd8 14. Na3 Nb6
15. Rb1 c6 16. b3 Nd5 17. Bb2 Qe3 18. Qxe3 Nxe3 19. Rfc1 Be6 20. Nc4 Nxg2 21.
Kxg2 c5 22. Bxg7 Kxg7 23. a4 b6 24. a5 Rab8 25. Kf2 f6 26. axb6 axb6 27. Ra1
Bxc4 28. bxc4 Ra8 29. Rcb1 Rxa1 30. Rxa1 Kf7 31. Ra7 Rb8 32. Rc7 Ke6 33. Kf3 h5
34. Ra7 b5 35. Ra6+ Kd7 36. cxb5 Rxb5 37. Ra8 Rb6 38. Rg8 f5 39. Ke3 Rd6 40.
Kf2 Rc6 41. h3 Re6 42. Ra8 Rc6 1/2-1/2

[Event "BL 9394 Solingen-Dresden"]
[Site "?"]
[Date "1994.??.??"]
[Round "?.3"]
[White "Lanka, Z."]
[Black "Podzielny, KH."]
[Result "1/2-1/2"]
[WhiteElo "2535"]
[BlackElo "2470"]
[PlyCount "102"]
[EventDate "1994.??.??"]

1. e4 c5 2. Nf3 e6 3. d4 cxd4 4. Nxd4 a6 5. Nc3 Qc7 6. Bd3 b5 7. O-O Bb7 8. Re1
d6 9. Bg5 Nf6 10. Bxf6 gxf6 11. a4 b4 12. Nce2 Nd7 13. c3 bxc3 14. Nxc3 Qb6 15.
Bf1 Bg7 16. a5 Qd8 17. f4 Qe7 18. f5 Ne5 19. Qa4+ Kf8 20. Qb3 Bc8 21. Na4 Qa7
22. Nb6 Ke7 23. Rad1 Rb8 24. fxe6 Bxe6 25. Qg3 Kf8 26. Nxe6+ fxe6 27. Rxd6 Kf7
28. Bc4 Rhe8 29. Ba2 Bf8 30. Qh3 Kg7 31. Rxe6 Rxe6 32. Qxe6 Bc5+ 33. Kh1 Bxb6
34. axb6 Qxb6 35. Qe7+ Kh8 36. Be6 Qd8 37. Qxd8+ Rxd8 38. h4 Nd3 39. Ra1 Rd6
40. Bc4 Nxb2 41. Be2 Nd3 42. Kh2 Nc5 43. Bf3 Re6 44. Kg3 Nxe4+ 45. Kf4 Nc5 46.
Rd1 Re5 47. Rd6 Kg7 48. g4 Re7 49. Rd5 Re5 50. Rd6 Re7 51. Rd5 Re5 1/2-1/2

[Event "BL 9394 Solingen-Dresden"]
[Site "?"]
[Date "1994.??.??"]
[Round "?.4"]
[White "Zysk, R."]
[Black "Borriss, M."]
[Result "1/2-1/2"]
[WhiteElo "2440"]
[BlackElo "2375"]
[PlyCount "53"]
[EventDate "1994.??.??"]

1. d4 Nf6 2. c4 g6 3. Nc3 Bg7 4. e4 d6 5. Be2 O-O 6. Nf3 e5 7. O-O Nc6 8. Be3
Ng4 9. Bg5 f6 10. Bc1 Kh8 11. dxe5 Ngxe5 12. Be3 Nxf3+ 13. Bxf3 f5 14. exf5
Bxf5 15. c5 Ne5 16. Bxb7 Rb8 17. Be4 Bxe4 18. Nxe4 d5 19. Ng5 Nc4 20. Qg4 Nxe3
21. fxe3 Qe7 22. Ne6 Rxf1+ 23. Rxf1 Rxb2 24. e4 Rb4 25. Ng5 Rb8 26. Ne6 Rb4 27.
Ng5 1/2-1/2

[Event "BL 9394 Solingen-Dresden"]
[Site "?"]
[Date "1994.??.??"]
[Round "?.5"]
[White "Goldberg, A."]
[Black "Reeh, O."]
[Result "0-1"]
[WhiteElo "2405"]
[BlackElo "2430"]
[PlyCount "72"]
[EventDate "1994.??.??"]

1. e4 c5 2. Nf3 d6 3. d4 cxd4 4. Nxd4 Nf6 5. Nc3 Nc6 6. Bg5 e6 7. Qd2 Be7 8.
O-O-O O-O 9. f4 h6 10. Bh4 Bd7 11. Ndb5 d5 12. Bxf6 Bxf6 13. exd5 Nb4 14. dxe6
Bxe6 15. Qxd8 Raxd8 16. Rxd8 Rxd8 17. a3 Nd5 18. Ne4 Be7 19. Bc4 Nxf4 20. Bxe6
fxe6 21. Nxa7 Rd4 22. Nc3 Nxg2 23. Nab5 Rf4 24. Rg1 Ne3 25. Nc7 Rf2 26. Nxe6
Bf6 27. Re1 Bxc3 28. bxc3 Rxc2+ 29. Kb1 Rxc3 30. Kb2 Rd3 31. Nc5 Nc4+ 32. Kc2
Rxa3 33. Nxb7 Rh3 34. Rh1 Ne3+ 35. Kd3 Ng4+ 36. Ke4 Nf2+ 0-1

[Event "BL 9394 Solingen-Dresden"]
[Site "?"]
[Date "1994.??.??"]
[Round "?.6"]
[White "Schaefer, Ma"]
[Black "Heinatz, T."]
[Result "1-0"]
[WhiteElo "2460"]
[BlackElo "2355"]
[PlyCount "67"]
[EventDate "1994.??.??"]

1. e4 g6 2. d4 Bg7 3. Nc3 c6 4. Nf3 d6 5. h3 Nf6 6. a4 O-O 7. Be3 Qc7 8. Bd3 e5
9. O-O Nbd7 10. Qd2 Re8 11. Rfe1 Nf8 12. Rad1 a5 13. Bf1 exd4 14. Bxd4 Ne6 15.
Be3 Rd8 16. Nd4 d5 17. exd5 Nxd5 18. Nxd5 cxd5 19. Nb5 Qc6 20. c3 h5 21. Be2
Nc5 22. Bf3 Be6 23. Bg5 Rd7 24. Nd4 Qb6 25. Be3 Nxa4 26. b3 Nc5 27. Nxe6 fxe6
28. b4 Nb3 29. Qc2 Qc6 30. Qxb3 a4 31. Qc2 Qxc3 32. Qxg6 Qf6 33. Qxh5 a3 34.
Bd4 1-0

[Event "BL 9394 Solingen-Dresden"]
[Site "?"]
[Date "1994.??.??"]
[Round "?.7"]
[White "Andresen, S."]
[Black "Beckemeyer, W."]
[Result "1-0"]
[WhiteElo "2370"]
[BlackElo "2390"]
[PlyCount "39"]
[EventDate "1994.??.??"]

1. c4 Nf6 2. Nc3 g6 3. e4 e5 4. Nf3 d6 5. d4 Nbd7 6. Be2 Bg7 7. O-O O-O 8. Re1
c6 9. Bf1 a6 10. Rb1 b5 11. b4 exd4 12. Nxd4 Bb7 13. Nb3 Ne5 14. c5 Nfg4 15. h3
Qh4 16. g3 Qf6 17. f4 Nh6 18. fxe5 Qxe5 19. Re3 Rad8 20. Rd3 1-0

[Event "BL 9394 Solingen-Dresden"]
[Site "?"]
[Date "1994.??.??"]
[Round "?.8"]
[White "Schmidt, B."]
[Black "Wegener, D."]
[Result "1-0"]
[WhiteElo "2340"]
[BlackElo "2295"]
[PlyCount "83"]
[EventDate "1994.??.??"]

1. d4 Nf6 2. Nf3 g6 3. Bg5 Bg7 4. Nbd2 O-O 5. c3 b6 6. e4 c5 7. e5 Ne8 8. dxc5
bxc5 9. Ne4 Nc6 10. Nxc5 Rb8 11. Nd3 Ba6 12. Qd2 d6 13. Nb4 Nxb4 14. cxb4 Nc7
15. Bxa6 Nxa6 16. a3 dxe5 17. Qxd8 Rfxd8 18. Bxe7 Rd7 19. Bg5 e4 20. Nd2 Bxb2
21. Ra2 Bc3 22. O-O Re8 23. Rc1 Bd4 24. Nb3 Bb6 25. Rd2 Rxd2 26. Nxd2 Nc7 27.
Nc4 Ne6 28. Nd6 Nxg5 29. Nxe8 e3 30. Nf6+ Kg7 31. h4 exf2+ 32. Kf1 Kxf6 33.
hxg5+ Kxg5 34. a4 f5 35. a5 Be3 36. Rc7 h5 37. b5 f4 38. b6 axb6 39. a6 b5 40.
a7 Bxa7 41. Rxa7 Kg4 42. Kxf2 1-0

[Event "BL 9394 Erfurt-Solingen"]
[Site "?"]
[Date "1994.??.??"]
[Round "?.1"]
[White "Chandler, M."]
[Black "Casper, T."]
[Result "1/2-1/2"]
[WhiteElo "2565"]
[BlackElo "2440"]
[PlyCount "70"]
[EventDate "1994.??.??"]

1. e4 e6 2. d4 d5 3. Nc3 Bb4 4. e5 Ne7 5. a3 Bxc3+ 6. bxc3 c5 7. a4 Qc7 8. Nf3
h6 9. Bd3 b6 10. O-O Ba6 11. a5 Bxd3 12. cxd3 Qc6 13. Nh4 O-O 14. Qg4 Kh7 15.
f4 f5 16. exf6 Rxf6 17. axb6 axb6 18. Rxa8 Qxa8 19. dxc5 bxc5 20. Qe2 Nd7 21.
Nf3 Qa6 22. c4 d4 23. Bd2 Ng6 24. Qe4 Rf7 25. Re1 Ndf8 26. Ne5 Re7 27. Rb1 Qa2
28. Rb8 Qxd2 29. Rxf8 Qe3+ 30. Qxe3 dxe3 31. Nxg6 Kxg6 32. Kf1 Ra7 33. Ke2 Ra2+
34. Kxe3 Rxg2 35. Rc8 Rxh2 1/2-1/2

[Event "BL 9394 Erfurt-Solingen"]
[Site "?"]
[Date "1994.??.??"]
[Round "?.2"]
[White "Norwood, D."]
[Black "Maiwald, JU."]
[Result "1/2-1/2"]
[WhiteElo "2525"]
[BlackElo "2490"]
[PlyCount "100"]
[EventDate "1994.??.??"]

1. d4 g6 2. e4 d6 3. Nf3 Nf6 4. Bd3 Bg7 5. O-O O-O 6. c3 Nbd7 7. Re1 e5 8. Bg5
h6 9. Bh4 b6 10. Nbd2 Bb7 11. Qc2 Re8 12. Rad1 Qe7 13. b4 a5 14. a3 Qf8 15. Bb5
c6 16. Bf1 exd4 17. cxd4 axb4 18. axb4 d5 19. e5 Nh5 20. e6 fxe6 21. Qxg6 Nf4
22. Qg3 Qf5 23. Ne5 Nxe5 24. dxe5 Ba6 25. Bxa6 Rxa6 26. Bf6 Ra7 27. Nf1 Nh5 28.
Qc3 Bxf6 29. Qxc6 Rf8 30. exf6 Rxf6 31. Qxb6 Ra2 32. Rd2 Rxd2 33. Nxd2 Nf4 34.
Ra1 Qg5 35. Qd8+ Kh7 36. Ra7+ Kg6 37. Qg8+ Kf5 38. Qxg5+ hxg5 39. Rd7 Rf8 40.
Nf3 g4 41. Nd4+ Ke4 42. Nc6 Nd3 43. Re7 e5 44. b5 Rf6 45. Rg7 Nxf2 46. Rg5 Nd3
47. Rxg4+ Ke3 48. h4 e4 49. Ne7 Kd4 50. Rg6 Rf7 1/2-1/2

[Event "BL 9394 Erfurt-Solingen"]
[Site "?"]
[Date "1994.??.??"]
[Round "?.3"]
[White "Podzielny, KH."]
[Black "Schwarz, M."]
[Result "1/2-1/2"]
[WhiteElo "2470"]
[BlackElo "2390"]
[PlyCount "58"]
[EventDate "1994.??.??"]

1. d4 Nf6 2. Nf3 g6 3. c4 Bg7 4. Nc3 d5 5. Bg5 Ne4 6. cxd5 Nxg5 7. Nxg5 e6 8.
Nf3 exd5 9. b4 O-O 10. e3 c6 11. Be2 Qd6 12. Qb3 a5 13. b5 Be6 14. O-O c5 15.
Qa3 Nd7 16. Rfd1 Rfc8 17. Rac1 Qf8 18. Qb3 a4 19. Qb1 Nb6 20. h3 Rc7 21. Bd3
cxd4 22. Nxd4 Bxd4 23. exd4 Rac8 24. Ne2 Qa3 25. Rxc7 Rxc7 26. Nf4 Bd7 27. Re1
Qc3 28. Ne2 Qd2 29. Rd1 Qg5 1/2-1/2

[Event "BL 9394 Erfurt-Solingen"]
[Site "?"]
[Date "1994.??.??"]
[Round "?.4"]
[White "Enders, P."]
[Black "Zysk, R."]
[Result "0-1"]
[WhiteElo "2465"]
[BlackElo "2440"]
[PlyCount "114"]
[EventDate "1994.??.??"]

1. e4 e6 2. d4 d5 3. Nc3 Nf6 4. e5 Nfd7 5. f4 c5 6. Nf3 Nc6 7. Be3 Qb6 8. a3
Be7 9. Kf2 f6 10. b4 cxd4 11. Nxd4 Nxd4 12. Bxd4 Qc7 13. Bd3 fxe5 14. fxe5 Nxe5
15. Qh5+ Nf7 16. Bxg7 Rg8 17. Qxh7 Qf4+ 18. Ke1 Bh4+ 19. g3 Bxg3+ 20. hxg3
Qxg3+ 21. Kd2 Rxg7 22. Qh4 Qxh4 23. Rxh4 Bd7 24. Re1 O-O-O 25. Kc1 Kc7 26. Kb2
a6 27. a4 Rh8 28. Rf4 Rh5 29. a5 Ne5 30. Be2 Rhg5 31. Rh1 Rg3 32. Rh5 Re3 33.
Rh2 Kd6 34. Nd1 Reg3 35. Nc3 Rg2 36. Rh5 R2g5 37. Rh6 R5g6 38. Rh5 Rg5 39. Rh6
Ke7 40. Rh1 Bc6 41. Rh2 Rg2 42. Rh5 Ng6 43. Rd4 e5 44. Nxd5+ Bxd5 45. Rxd5 Rxe2
46. Rc5 Rd2 47. Rg5 Kf6 48. Rg3 Rdd7 49. Rgc3 Nf4 50. b5 axb5 51. Rxb5 Rd5 52.
Rb6+ Kf5 53. a6 bxa6 54. Rxa6 Rb7+ 55. Rb3 Rxb3+ 56. Kxb3 e4 57. c4 Re5 0-1

[Event "BL 9394 Erfurt-Solingen"]
[Site "?"]
[Date "1994.??.??"]
[Round "?.5"]
[White "Reeh, O."]
[Black "Mueller, Mat"]
[Result "1/2-1/2"]
[WhiteElo "2430"]
[BlackElo "2350"]
[PlyCount "24"]
[EventDate "1994.??.??"]

1. d4 d5 2. c4 c6 3. Nf3 Nf6 4. Nc3 e6 5. Bg5 dxc4 6. e3 b5 7. a4 a6 8. Nd2 Bb7
9. Be2 Nbd7 10. Bf3 Qb6 11. O-O Be7 12. b3 cxb3 1/2-1/2

[Event "BL 9394 Erfurt-Solingen"]
[Site "?"]
[Date "1994.??.??"]
[Round "?.7"]
[White "Thesing, M."]
[Black "Brueggemann, Joa"]
[Result "1-0"]
[WhiteElo "2375"]
[BlackElo "2340"]
[PlyCount "101"]
[EventDate "1994.??.??"]

1. e4 c5 2. Nc3 e6 3. Nf3 a6 4. g3 Nc6 5. Bg2 Nf6 6. O-O d6 7. d4 cxd4 8. Nxd4
Be7 9. Nxc6 bxc6 10. e5 Nd5 11. exd6 Qxd6 12. Ne4 Qc7 13. c4 Nf6 14. Qf3 Bb7
15. Be3 Nxe4 16. Qxe4 O-O 17. Bf4 Qc8 18. Rac1 a5 19. Rfd1 Rd8 20. Bf3 h6 21.
h4 a4 22. Be5 Rxd1+ 23. Rxd1 Qe8 24. Bc3 Rd8 25. Qe5 Bf6 26. Qc7 Rxd1+ 27. Bxd1
Bxc3 28. bxc3 Qa8 29. Bxa4 Qxa4 30. Qxb7 Qxc4 31. Qb3 Qe4 32. Qd1 f5 33. a4 f4
34. gxf4 Qxf4 35. Qd8+ Kh7 36. Qd3+ Kg8 37. a5 Qxh4 38. a6 Qg5+ 39. Kf1 Qa5 40.
Kg2 Kh8 41. Qc4 Qg5+ 42. Kf3 Qf5+ 43. Ke3 Qg5+ 44. Ke2 Qh5+ 45. Ke1 Qh1+ 46.
Kd2 Qf3 47. Qd4 Qf8 48. a7 e5 49. Qb6 Qf4+ 50. Kc2 Qa4+ 51. Kb2 1-0

[Event "BL 9394 Erfurt-Solingen"]
[Site "?"]
[Date "1994.??.??"]
[Round "?.8"]
[White "Voekler, B."]
[Black "Beckemeyer, W."]
[Result "1/2-1/2"]
[WhiteElo "2350"]
[BlackElo "2390"]
[PlyCount "34"]
[EventDate "1994.??.??"]

1. e4 e5 2. Nf3 Nc6 3. Bb5 a6 4. Ba4 Nf6 5. Qe2 Be7 6. O-O b5 7. Bb3 O-O 8. c3
d6 9. Rd1 Na5 10. Bc2 c5 11. d3 Qc7 12. Nbd2 Nc6 13. Nf1 Be6 14. h3 d5 15. g4
c4 16. dxc4 dxe4 17. N3d2 bxc4 1/2-1/2

[Event "BL 9394 Dresden-Dortmund"]
[Site "?"]
[Date "1994.??.??"]
[Round "?.1"]
[White "Beckhuis, G."]
[Black "Bologan, V."]
[Result "0-1"]
[WhiteElo "2195"]
[BlackElo "2585"]
[PlyCount "60"]
[EventDate "1994.??.??"]

1. d4 Nf6 2. c4 g6 3. Nc3 Bg7 4. e4 d6 5. Nf3 O-O 6. Be2 e5 7. O-O Nc6 8. d5
Ne7 9. b4 a5 10. bxa5 c5 11. Bd2 Rxa5 12. Qc2 Kh8 13. Rfb1 Nh5 14. g3 Ra6 15.
Rb2 Ng8 16. Qc1 Qe7 17. Rab1 f5 18. Ng5 f4 19. Ne6 Bxe6 20. dxe6 Qxe6 21. Rxb7
Ngf6 22. Qd1 Bh6 23. Rb8 Ra8 24. Rxa8 Rxa8 25. Rb6 Ng7 26. f3 fxg3 27. Bxh6 Qh3
28. Bxg7+ Kxg7 29. hxg3 Qxg3+ 30. Kf1 Ng4 0-1

[Event "BL 9394 Dresden-Dortmund"]
[Site "?"]
[Date "1994.??.??"]
[Round "?.2"]
[White "Uhlmann, W."]
[Black "Mainka, G."]
[Result "1/2-1/2"]
[WhiteElo "2475"]
[BlackElo "2385"]
[PlyCount "104"]
[EventDate "1994.??.??"]

1. c4 e6 2. Nc3 c5 3. Nf3 Nf6 4. e3 d5 5. d4 a6 6. a3 Nc6 7. dxc5 Bxc5 8. b4
Ba7 9. Bb2 O-O 10. cxd5 exd5 11. Be2 Bg4 12. O-O Qd6 13. Nd4 Ne5 14. f3 Bd7 15.
Qe1 Nc6 16. Nd1 Nxd4 17. Bxd4 Bxd4 18. exd4 Qf4 19. Qf2 Qd2 20. Qe3 Qxe3+ 21.
Nxe3 Rfe8 22. Kf2 Kf8 23. Rfc1 Rec8 24. Rc5 Rxc5 25. dxc5 a5 26. Nc2 d4 27. Bc4
axb4 28. axb4 Rxa1 29. Nxa1 Be6 30. Bxe6 fxe6 31. Nb3 e5 32. b5 Nd5 33. b6 Nb4
34. Ke2 Ke7 35. Na5 Kd7 36. Nxb7 Na6 37. Kd3 Kc6 38. Na5+ Kxc5 39. b7 Kb6 40.
Nc4+ Kxb7 41. Nxe5 Kc7 42. Kxd4 Kd6 43. Nf7+ Ke7 44. Ng5 h6 45. Ne4 Nb4 46. g3
Ke6 47. Nc5+ Kf5 48. h4 g5 49. h5 g4 50. f4 Nc2+ 51. Kd3 Nb4+ 52. Ke2 Nd5
1/2-1/2

[Event "BL 9394 Dresden-Dortmund"]
[Site "?"]
[Date "1994.??.??"]
[Round "?.3"]
[White "Kalka, A."]
[Black "Lanka, Z."]
[Result "1/2-1/2"]
[WhiteElo "2345"]
[BlackElo "2535"]
[PlyCount "90"]
[EventDate "1994.??.??"]

1. e4 c5 2. Nf3 Nc6 3. d4 cxd4 4. Nxd4 Nf6 5. Nc3 d6 6. Bg5 e6 7. Qd2 a6 8.
O-O-O h6 9. Bf4 Bd7 10. Nxc6 Bxc6 11. Qe2 Qa5 12. Bxd6 Bxd6 13. Rxd6 Qb4 14.
Rd2 Nxe4 15. Nxe4 Qxe4 16. Qxe4 Bxe4 17. f3 Bc6 18. Bd3 O-O-O 19. Re1 Kc7 20.
c3 Rd5 21. Be4 Rxd2 22. Kxd2 Rd8+ 23. Kc2 Bb5 24. Kc1 g5 25. g3 h5 26. Rd1 Rh8
27. Rg1 f6 28. f4 Rg8 29. Rg2 b6 30. h4 a5 31. Bf3 Bc6 32. Bxc6 Kxc6 33. hxg5
fxg5 34. fxg5 Rxg5 35. Rh2 Kd5 36. Rh4 e5 37. a4 Rf5 38. b4 e4 39. bxa5 bxa5
40. g4 hxg4 41. Rxg4 Rf2 42. Rg5+ Kc4 43. Rxa5 Kxc3 44. Rd5 Ra2 45. Kd1 Rxa4
1/2-1/2

[Event "BL 9394 Dresden-Dortmund"]
[Site "?"]
[Date "1994.??.??"]
[Round "?.4"]
[White "Borriss, M."]
[Black "Buecker, S."]
[Result "1-0"]
[WhiteElo "2375"]
[BlackElo "2335"]
[PlyCount "99"]
[EventDate "1994.??.??"]

1. e4 e5 2. Nf3 d6 3. d4 Nf6 4. Nc3 Nbd7 5. Bc4 Be7 6. O-O O-O 7. Re1 c6 8. a4
h6 9. a5 Rb8 10. Ba2 b5 11. axb6 axb6 12. d5 Bb7 13. dxc6 Bxc6 14. Nd5 Bxd5 15.
Bxd5 Nxd5 16. Qxd5 Qc7 17. c4 Rfc8 18. b3 Nf6 19. Qb5 Qb7 20. Nd2 Ra8 21. Bb2
Nd7 22. b4 Bg5 23. Nf3 Nf8 24. Rxa8 Qxa8 25. Qxb6 Qa2 26. Nxg5 hxg5 27. Bc1
Qxc4 28. h3 Qc3 29. Rf1 Ne6 30. Qxd6 Rc4 31. b5 Rxe4 32. Be3 Qb4 33. Qb8+ Kh7
34. b6 Nf4 35. Qc8 Rxe3 36. fxe3 Qxb6 37. Qf5+ Kh6 38. Qxe5 f6 39. Qe4 Ne2+ 40.
Kf2 Qb2 41. Kf3 Nc3 42. Qd3 f5 43. Qxf5 Qb7+ 44. e4 Qa6 45. Re1 Qa2 46. Kg3 Qd2
47. Qf2 Qd3+ 48. Qf3 Qd6+ 49. e5 Qb4 50. Kh2 1-0

[Event "BL 9394 Dresden-Dortmund"]
[Site "?"]
[Date "1994.??.??"]
[Round "?.5"]
[White "Seger, R."]
[Black "Goldberg, A."]
[Result "1/2-1/2"]
[WhiteElo "2350"]
[BlackElo "2405"]
[PlyCount "81"]
[EventDate "1994.??.??"]

1. e4 e5 2. Nf3 Nc6 3. d4 exd4 4. Nxd4 Qf6 5. Nb5 Bc5 6. Qe2 Bb6 7. N1c3 Nge7
8. Be3 Ba5 9. O-O-O a6 10. Nd5 Nxd5 11. exd5 Ne7 12. Nd4 O-O 13. c4 d6 14. Qc2
Nf5 15. Nxf5 Bxf5 16. Bd3 Bxd3 17. Rxd3 Rfe8 18. Kb1 Bb6 19. Bxb6 cxb6 20. Rf3
Qd4 21. Rd1 Qc5 22. Qd3 Rac8 23. b3 Re7 24. Re3 Rxe3 25. Qxe3 Qxe3 26. fxe3 Re8
27. Rd3 f5 28. Kc2 Kf7 29. Rc3 Kf6 30. Kd3 Ke5 31. Rc1 Rc8 32. a4 g5 33. h4
gxh4 34. Rh1 b5 35. axb5 axb5 36. Rxh4 bxc4+ 37. bxc4 b5 38. cxb5 Rc5 39. Rxh7
Rxb5 40. Re7+ Kxd5 41. Ke2 1/2-1/2

[Event "BL 9394 Dresden-Dortmund"]
[Site "?"]
[Date "1994.??.??"]
[Round "?.6"]
[White "Heinatz, T."]
[Black "Straeter, T."]
[Result "1-0"]
[WhiteElo "2355"]
[BlackElo "2365"]
[PlyCount "85"]
[EventDate "1994.??.??"]

1. e4 e5 2. Nf3 Nc6 3. Bb5 a6 4. Ba4 Nf6 5. O-O Be7 6. d3 d6 7. c3 O-O 8. h3
Bd7 9. Re1 Kh8 10. Nbd2 Ng8 11. d4 f6 12. Nf1 Qe8 13. Bc2 g5 14. N3h2 Qg6 15.
Ng3 Nh6 16. a3 Nd8 17. Ng4 Ndf7 18. Be3 Rae8 19. f3 Ng8 20. Bf2 h5 21. Ne3 Ngh6
22. b4 g4 23. fxg4 hxg4 24. h4 Nd8 25. d5 Ndf7 26. c4 Kh7 27. Rc1 c5 28. Nef5
b6 29. bxc5 dxc5 30. Nxe7 Rxe7 31. Rb1 Rb8 32. Bxc5 Ree8 33. Bxb6 f5 34. exf5
Nxf5 35. Nxf5 Bxf5 36. Bxf5 Qxf5 37. Bc7 Rxb1 38. Qxb1 e4 39. Qb6 Ne5 40. Bxe5
Rxe5 41. Qc7+ Kg8 42. Qb8+ Kh7 43. Rf1 1-0

[Event "BL 9394 Dresden-Dortmund"]
[Site "?"]
[Date "1994.??.??"]
[Round "?.7"]
[White "Scheffner, A."]
[Black "Andresen, S."]
[Result "1-0"]
[WhiteElo "2275"]
[BlackElo "2370"]
[PlyCount "69"]
[EventDate "1994.??.??"]

1. Nf3 Nf6 2. g3 b6 3. Bg2 Bb7 4. O-O e6 5. c4 Be7 6. Nc3 O-O 7. d4 Ne4 8. Nxe4
Bxe4 9. d5 f5 10. Bf4 g5 11. Be3 Bf6 12. Bd4 Bxf3 13. Bxf6 Qxf6 14. Bxf3 e5 15.
e4 fxe4 16. Bxe4 Na6 17. Qb1 Rf7 18. b4 Raf8 19. a3 c5 20. d6 Qxd6 21. Bd5 cxb4
22. Qb2 Nc7 23. Bxf7+ Rxf7 24. Qxb4 Qf6 25. Rae1 a5 26. Qb2 Re7 27. Re2 d6 28.
Qxb6 e4 29. c5 Ne8 30. cxd6 Nxd6 31. Qxa5 Nf5 32. Qd5+ Kg7 33. Rxe4 Rf7 34. Qe5
Qxe5 35. Rxe5 {Zeit} 1-0

[Event "BL 9394 Dresden-Dortmund"]
[Site "?"]
[Date "1994.??.??"]
[Round "?.8"]
[White "Wegener, D."]
[Black "Goldschmidt, C."]
[Result "1-0"]
[WhiteElo "2295"]
[BlackElo "2185"]
[PlyCount "37"]
[EventDate "1994.??.??"]

1. e4 d6 2. d4 Nf6 3. Nc3 g6 4. f4 Bg7 5. Nf3 c5 6. Bb5+ Bd7 7. e5 Ng4 8. e6
fxe6 9. Ng5 Bxb5 10. Nxb5 Qa5+ 11. c3 Qxb5 12. Nxe6 Qd7 13. Qxg4 cxd4 14. f5
Bf6 15. O-O dxc3 16. fxg6 Rg8 17. gxh7 Rxg4 18. h8=Q+ Kf7 19. Nd8+ 1-0

[Event "BL 9394 Bamberg-Koblenz"]
[Site "?"]
[Date "1994.??.??"]
[Round "?.2"]
[White "Meister, P."]
[Black "Rozentalis, E."]
[Result "0-1"]
[WhiteElo "2415"]
[BlackElo "2610"]
[PlyCount "92"]
[EventDate "1994.??.??"]

1. d4 e6 2. c4 Nf6 3. Nf3 b6 4. g3 Bb7 5. Bg2 Be7 6. Nc3 Ne4 7. Nxe4 Bxe4 8.
O-O O-O 9. b3 f5 10. Bb2 Bf6 11. Qd2 d6 12. Ne1 Qe7 13. Rc1 Bxg2 14. Nxg2 Nd7
15. Rce1 Qf7 16. e4 fxe4 17. Rxe4 Rae8 18. f4 d5 19. Ree1 Be7 20. Qc2 Nf6 21.
Ne3 Bb4 22. Re2 Qh5 23. a3 Bd6 24. Rfe1 c6 25. c5 bxc5 26. dxc5 Bb8 27. Nf1 Qg4
28. Be5 Bxe5 29. Rxe5 Nd7 30. Rg5 Qh3 31. Qe2 e5 32. fxe5 Nxc5 33. Nd2 Qh6 34.
Rh5 Qg6 35. Kh1 Nd3 36. Rf1 Rxf1+ 37. Nxf1 Rf8 38. Rh4 Rf2 39. Qd1 Nxe5 40. Kg1
Rb2 41. Rf4 h6 42. b4 Kh7 43. h4 Rb1 44. h5 Rxd1 45. hxg6+ Kxg6 46. a4 Rb1 0-1

[Event "BL 9394 Bamberg-Koblenz"]
[Site "?"]
[Date "1994.??.??"]
[Round "?.3"]
[White "Seul, G."]
[Black "Pribyl, M."]
[Result "1-0"]
[WhiteElo "2425"]
[BlackElo "2360"]
[PlyCount "99"]
[EventDate "1994.??.??"]

1. e4 e5 2. Nc3 Nc6 3. Bc4 Nf6 4. d3 Be7 5. f4 exf4 6. Bxf4 d6 7. Nf3 O-O 8.
O-O Na5 9. Bb3 Nxb3 10. axb3 d5 11. e5 Ne8 12. Qe1 c6 13. Qg3 f5 14. Be3 Nc7
15. Ne2 Ne6 16. Kh1 a6 17. Nf4 Nxf4 18. Bxf4 Kh8 19. Bg5 Be6 20. Ra4 Bxg5 21.
Nxg5 Bg8 22. Nf3 Qe7 23. Rf4 Rae8 24. d4 Be6 25. h4 g6 26. h5 gxh5 27. Nh4 Rg8
28. Qf2 Rg4 29. Nxf5 Qg5 30. Ne3 Rxf4 31. Qxf4 Qxf4 32. Rxf4 Kg7 33. Rf6 Re7
34. Kh2 b6 35. Kg3 c5 36. c3 cxd4 37. cxd4 a5 38. Kh4 b5 39. Kxh5 Bf7+ 40. Kg5
Bg6 41. Nf5+ Bxf5 42. Kxf5 Rc7 43. Rd6 Rc2 44. Rd7+ Kf8 45. Rxd5 b4 46. Rxa5
Rxb2 47. d5 Rxb3 48. Kf6 Ke8 49. e6 Ra3 50. Rb5 1-0

[Event "BL 9394 Bamberg-Koblenz"]
[Site "?"]
[Date "1994.??.??"]
[Round "?.4"]
[White "Stickler, A."]
[Black "Reschke, S."]
[Result "0-1"]
[WhiteElo "2245"]
[BlackElo "2390"]
[PlyCount "102"]
[EventDate "1994.??.??"]

1. d4 Nf6 2. c4 g6 3. Nf3 Bg7 4. Nc3 O-O 5. Bf4 Nh5 6. Bg5 h6 7. Bh4 g5 8. Bg3
c5 9. e3 Nxg3 10. hxg3 Nc6 11. d5 Nb4 12. a3 Na6 13. Qc2 e6 14. d6 g4 15. Nd2
Qg5 16. Nde4 Qg6 17. O-O-O b6 18. Bd3 f5 19. Nd2 Bb7 20. f4 Bxg2 21. Rh2 Bb7
22. e4 Nb8 23. exf5 exf5 24. Nd5 Nc6 25. Nb3 Rae8 26. Rdh1 Qxd6 27. Bxf5 Ne7
28. Nxe7+ Rxe7 29. Rd1 Qf6 30. Bxg4 Re3 31. Rxd7 Be4 32. Qd1 Rxg3 33. Bh3 Rxh3
34. Rxg7+ Kxg7 35. Rxh3 Qxf4+ 36. Nd2 Rd8 37. Qg1+ Bg6 38. Qe3 Qxe3 39. Rxe3
Re8 40. Nf1 Rxe3 41. Nxe3 Be4 42. Kd2 h5 43. Nf1 Kf6 44. Ke3 Ke5 45. b4 h4 46.
Nh2 Kf5 47. Nf1 Bg2 48. Nh2 a5 49. bxa5 bxa5 50. Kf2 h3 51. Ke3 a4 0-1

[Event "BL 9394 Bamberg-Koblenz"]
[Site "?"]
[Date "1994.??.??"]
[Round "?.5"]
[White "Fritsche, L."]
[Black "Loew, G."]
[Result "1/2-1/2"]
[WhiteElo "2375"]
[BlackElo "2245"]
[PlyCount "82"]
[EventDate "1994.??.??"]

1. e4 Nf6 2. d3 e5 3. Nf3 Nc6 4. Be2 d5 5. Nbd2 Bc5 6. c3 a5 7. O-O O-O 8. b3
d4 9. Bb2 Re8 10. Rc1 dxc3 11. Rxc3 Bb4 12. Rc2 Bg4 13. a3 Bf8 14. Qa1 Nd7 15.
Rfc1 Qe7 16. h3 Bxf3 17. Nxf3 Qe6 18. d4 exd4 19. Nxd4 Nxd4 20. Bxd4 c6 21. Bg4
Qe7 22. Re2 Rad8 23. a4 Ne5 24. Bxe5 Qxe5 25. Qxe5 Rxe5 26. f4 Rc5 27. Rec2
Rxc2 28. Rxc2 Rd3 29. Rb2 Bc5+ 30. Kf1 Bd4 31. Rb1 c5 32. Be2 Re3 33. Bf3 Kf8
34. e5 b6 35. Bd5 g5 36. fxg5 Rxe5 37. Bf3 Rxg5 38. Re1 Re5 39. Rxe5 Bxe5 40.
Ke2 Ke7 41. Kd3 Kd6 1/2-1/2